AH International Schools' Libraries

Normal view MARC view
  • Ghosts

Entry Topical Term

Number of records used in: 1

001 - CONTROL NUMBER

  • control field: 86659

003 - CONTROL NUMBER IDENTIFIER

  • control field: OSt

005 - DATE AND TIME OF LATEST TRANSACTION

  • control field: 20250904084443.0

008 - FIXED-LENGTH DATA ELEMENTS

  • fixed length control field: 250904|| aca||aabn | a|a d

040 ## - CATALOGING SOURCE

  • Original cataloging agency: OSt
  • Transcribing agency: OSt

150 ## - HEADING--TOPICAL TERM

  • Topical term or geographic name as entry element: Ghosts
  • Form subdivision: Juvenile fiction

670 ## - SOURCE DATA FOUND

  • Source citation: Work cat.: (OSt)49504: Donaldson, Julia, author. 45441, Wake up do, Lydia Lou! /, 2013.

For any Logos Library related questions please contact Miss Art at swongnarasuk@asianhope.org.

For any Asian Hope Library related questions please contact Miss Raza at graza@asianhope.org.

Click here to explore our ebooks!

Powered by Koha